000 00928nam a22001817a 4500
008 230201s2023 xxk|||||o|||| 00| 0 eng d
041 _aeng
110 _aRoyal Institution of Chartered Surveyors
245 _aUK Residential Market Survey
_bDecember 2022
_h[Electronic resource]
260 _aLondon,
_bRoyal Institution of Chartered Surveyors,
_cJanuary 2023
300 _a19p
490 _aRICS UK Residential Market Survey
520 _aHousing market activity continues to weaken. The December 2022 RICS UK Residential Survey results point to a further weakening in sales market activity to end the year.
651 _aUnited Kingdom
710 _aRoyal Institution of Chartered Surveyors
856 _uhttps://www.rics.org/globalassets/rics-website/media/knowledge/research/market-surveys/uk-residential-market-surveys/december-2022---rics-uk-residential-market-survey.pdf
_zAvailable free on RICS.org
942 _n0
999 _c121348
_d121348